NFL Starting RBS Week 13 - Statistics

General Stats
  • This quiz has been taken 34 times
  • The average score is 24 of 32
Answer Stats
Hint Answer % Correct
Philadelphia Eagles Saquon Barkley
100%
Detroit Lions Jahmyr Gibbs
90%
San Francisco 49ers Christian McCaffrey
86%
Dallas Cowboys Javonte Williams
86%
Los Angeles Rams Kyren Williams
86%
Atlanta Falcons Bijan Robinson
83%
Cincinnati Bengals Chase Brown
83%
Chicago Bears D'Andre Swift
83%
Baltimore Ravens Derrick Henry
83%
Indianapolis Colts Jonathan Taylor
83%
Seattle Seahawks Kenneth Walker II
83%
Miami Dolphins Devon Achane
79%
Buffalo Bills James Cook III
79%
New England Patriots TreVeyon Henderson
79%
Minnesota Vikings Aaron Jones
76%
New Orleans Saints Alvin Kamara
76%
Kansas City Chiefs Isiah Pacheco
76%
Green Bay Packers Josh Jacobs
76%
Jacksonville Jaguars Travis Etienne Jr.
76%
New York Giants Tyrone Tracy Jr.
76%
Las Vegas Raiders Ashton Jeanty
72%
New York Jets Breece Hall
72%
Tampa Bay Buccaneers Bucky Irving
72%
Carolina Panthers Rico Dowdle
72%
Tennessee Titans Tony Pollard
72%
Cleveland Browns Quinshon Judkins
69%
Pittsburgh Steelers Jaylen Warren
59%
Denver Broncos RJ Harvey
55%
Los Angeles Chargers Kimani Vidal
52%
Houston Texans Woody Marks
52%
Arizona Cardinals Bam Knight
45%
Washington Commanders Jacory Croskey-Merritt
45%
No matching quizzes found
Score Distribution
Percent of People with Each Score
Percentile by Number Answered
Your Score History
You have not taken this quiz